000 00295nam a22001337a 4500
008 170203b xxu||||| |||| 00| 0 eng d
020 _a9780080445380
041 _aeng
080 _a61
100 _a3
101 _aSHM
245 _aPATTERN RECOGNITION IN INUSTRY
_cBHAGAT, P
942 _2udc
_cBK
999 _c4514
_d4514